000 01072nam a2200313Ia 4500
003 OSt
005 20221007122600.0
006 a|||||r|||| 00| 0
007 ta
008 221006b |||||||| |||| 00| 0 eng d
020 _a1402077203 (pbk)
024 _a111877
037 _cTextbook
040 _aPAPL
_cPAPL
_beng
041 _2eng
_aeng
082 _aC21:(D), P4;1 Carpa
100 _aVentra Massimiliano Di Ed.
_9714613
245 0 _aIntroduction to nanoscale science and technology
_b Evoy Stephane Ed. Heflin James R Ed.
260 _aNew
_bYork Springer
_c2004
300 _axiii, 611p.
_ccm.
490 _aNanostructure science and technology
500 _aIncludes bibliographical references.; Index 599-611p.
650 _a Nanoscience and technology
_9714614
650 _aPhysics
700 _a Evoy Stephane Ed.
_9714615
700 _a Heflin James R Ed.
_9714616
942 _hC21:(D), P4;1 Carpa
_cTB
_2CC
999 _c1210615
_d1210615